00926nam a22002777a 45000010005000000030006000050050017000110080041000280200018000690400029000870500013001160820011001291000029001402450071001692500040002402600036002803000045003164900027003615050007003885200148003955210019005435210018005626500017005806500021005977000030006185857FISKH20250708151806.0250127b cb ||||| |||| 00| 0 eng d a9780545068239 aFISKHbengcFISKHdFISKH aPZ7.R982 a813.54 aRylant, Cynthiad(1954-) aPoppleton in Winter /cCynthia Rylant ; Illustrated by Mark Teague aThis edition first printing in 2008 aNew York :bScholastic, c2008. a48 pages :bcolor illustrations ;c23 cm vGrowing reader level 3 aJ  aPoppleton the pig makes a new friend after an icicle accident, creates a bust of Cherry Sue, and gets a wintry birthday surprise from his pals.8 a500 bLexile 8 aJ bRaz-Plus  2SnowaWinter 2PigsaFriendship aTeague, Markdillustrator